MARC

LEADER 00000cam a2200000 a 4500
001 vtls001342062
003 SK-MaSNL
005 20260301160453.0
008 240315s1954 xr a f 00000 cze
035 |a SNK000295217 
040 |a SNK  |b slo  |c SNK  |e AACR2 
041 0 |a cze 
044 |a xr  |c CZ 
072 7 |a 72/76  |x Výtvarné umenie  |2 konspekt 
080 |a 72/76  |2 2011 
080 |a 75.02  |2 2011 
080 |a 76.02  |2 2011 
080 |a 76  |2 2011 
080 |a 81'373.46  |2 2011 
080 |a (038)81  |2 2011 
080 |a (038.072)  |2 2011 
080 |a 766:655.26  |2 2011 
080 |a 75  |2 2011 
100 1 |a Rambousek, Jan,  |d 1895-1976  |4 aut  |9 186275 
245 1 0 |a Slovník a receptář malíře - grafika  |c napsal a ukázkami doprovodil Jan Rambousek 
250 |a 1. vyd. 
260 |a Praha  |b Státní nakladatelství krásné literatury, hudby a umění  |c 1954 
300 |a 572 s., 31 nečís. s. obr. príl.  |b il.  |c 21 cm 
366 |e 4400 výt. 
490 1 |a Výtvarné umění 
650 0 7 |a maliarske techniky  |2 SNKPH  |9 3129 
650 0 7 |a grafické techniky  |2 SNKPH  |9 78100 
650 0 7 |a maliarstvo  |2 SNKPH  |9 812 
650 0 7 |a grafika  |2 SNKPH  |9 814 
650 0 7 |a odborná terminológia  |2 SNKPH  |9 3616 
650 0 7 |a knižná grafika  |2 SNKPH  |9 2745 
650 0 7 |a Painting techniques  |2 SNKPHeng  |9 306922 
650 0 7 |a Workmanship  |2 SNKPHeng  |9 429355 
650 0 7 |a Printmaking techniques  |2 SNKPHeng  |9 331723 
650 0 7 |a Painting  |2 SNKPHeng  |9 294628 
650 0 7 |a Prints  |2 SNKPHeng  |9 294897 
650 0 7 |a Terminology (professional)  |2 SNKPHeng  |9 90966 
650 0 7 |a Book design  |2 SNKPHeng  |9 402512 
650 0 7 |a výtvarné umenie  |2 SNKPH  |9 723 
650 0 7 |a Fine art  |2 SNKPHeng  |9 265088 
655 7 |a terminologické slovníky  |2 SNKPH  |9 70504 
655 7 |a výkladové slovníky  |2 SNKPH  |9 69007 
655 7 |a Terminological dictionaries  |2 SNKPHeng  |9 90728 
655 7 |a Explanatory dictionaries  |2 SNKPHeng  |9 278822 
830 0 |a Výtvarné umění  |9 522070 
852 |a Štátna vedecká knižnica Banská Bystrica 
999 |c 805613  |d 807543 
952 |a SNK  |b SNK  |y VYP  |7 0  |p 17A0139169  |o snkIC 11425  |i snk7521/54  |3 strana 161-162 - chýba  |0 0  |1 0  |4 0  |d 1998-09-17  |l 0  |r 2005-01-02 00:00:00  |w 2026-02-24